000 00714cab a2200253 4500
001 Z4797
008 090401t1993 xxu||||| |||| 00| 0 eng d
035 _a(Sirsi) u59554
041 _aeng
100 _aDay, C.
245 _aRental debts and tenant checking
260 _c1993
350 _a0
490 _aVictorian Real Estate Journal
_v57(4) December 1993, 31-33(3)
520 _aDraws on experience of computerised rent recovery systems in Australia.
650 _aAUSTRALIA
650 _aDEBT RECOVERY
650 _aProperty management
_96262
650 _aRENT ARREARS
690 _aPROPERTY-LANDLORD AND TENANT
690 _aOVERSEAS-REST OF THE WORLD
942 _n0
948 _c04/03/1997
999 _c36549
_d36549